| 000 | 00721nam a22001937a 4500 | ||
|---|---|---|---|
| 005 | 20251108172912.0 | ||
| 008 | 250721s2003 xx 000 0 ara d | ||
| 020 | _a977271647x | ||
| 082 | 1 | 4 | _a422.2/ إسم |
| 100 | 1 | _aإسماعيل، صلاح حامد | |
| 245 | 1 | 0 | _aالمرادفات الإنجليزية مسرد لأهم الألفاظ المترادفة ظاهريا و مو اطن إستخدامها الصحيح في اللغة الإنجليزية / |
| 246 | 1 | 1 | _asynonymous words in english |
| 264 | 1 |
_aالقاهرة : _bمكتبة إبن سينا، _c2003. |
|
| 300 | _a112ص | ||
| 650 | 1 | 7 | _aاللغة الإنجليزية |
| 650 | 1 | 7 | _aالمترادفات |
| 942 |
_2ddc _cBK |
||
| 999 |
_c91333 _d91333 |
||